Philosophie du droit

Enregistré dans:
Détails bibliographiques
Auteur principal: Villey, Michel (autor)
Format: Livre
Langue:français
Publié: París Dalloz 1975
Collection:Précis Dalloz
Sujets:
Tags: Ajouter un tag
Pas de tags, Soyez le premier à ajouter un tag!

MARC

LEADER 00000nam a2200000 a 4500
001 UCS6591
003 CL-VaPUC
008 970926e19750000FR |||||||||||||||||fre|d
082 0 4 |a 340.1  |b VIL  |2 21 
100 |a Villey, Michel  |e autor  |9 257972 
245 1 0 |a Philosophie du droit 
300 |a 2 v 
942 |c BK 
945 |d 19970926 00:00:00  |a lriquelm 
260 |a París  |b Dalloz  |c 1975 
500 |a v.1: Définitions et fins du droit 
500 |a v.2: Les moyens du droit 
650 7 |a FILOSOFIA POLITICA  |2 CL-VaPUC  |9 391927 
650 0 |a Ética  |9 255099 
650 0 |a Filosofía del derecho   |9 255050 
650 0 |a Justicia   |9 255408 
650 0 |a Derecho natural   |9 255041 
650 0 |a Derecho positivo  |9 255911 
583 |a last modification  |c 20121001 12:12:00  |k Rodrigo Vera 
490 0 |a Précis Dalloz 
999 |c 262237  |d 262235 
952 |0 0  |1 0  |4 0  |6 340_100000000000000_VIL_1975  |7 0  |8 DER_TF  |9 290498  |a BIBDER  |b BIBDER  |d 2019-11-19  |h v.1  |i 1885200  |l 1  |o 340.1 VIL 1975  |p 1885200  |r 2023-07-14  |s 2023-07-14  |w 2019-11-19  |x Ubicación 4to Piso  |y BK  |z Estos recursos deben solicitarse con anticipación  |k DER 
952 |0 0  |1 0  |4 0  |6 340_100000000000000_VIL_1975  |7 0  |8 DER_TF  |9 290499  |a BIBDER  |b BIBDER  |d 2019-11-19  |h v.2  |i 1885618  |l 1  |o 340.1 VIL 1975  |p 1885618  |r 2023-07-14  |s 2023-07-14  |w 2019-11-19  |x Ubicación 4to Piso  |y BK  |z Estos recursos deben solicitarse con anticipación  |k DER